Music Quiz

Random Music or Song Quiz

Not Quite My Chemical Romance Quiz Stats

 Plays Quiz not verified by Sporcle

Challenge
Share
Tweet
Embed
Score 0/32 Timer 05:00
0 Plays Today
Question Answer Wrong Answers
Action Cat Gerard Way
88.2%
Frank Iero
1.3%
Ray Toro
0%
Mikey Way
0.7%
Brother Gerard Way
85.5%
Frank Iero
2%
Ray Toro
1.3%
Mikey Way
2.6%
Millions Gerard Way
84.9%
Frank Iero
2%
Ray Toro
2.6%
Mikey Way
0.7%
Drugstore Perfume Gerard Way
81.6%
Frank Iero
4.6%
Ray Toro
3.3%
Mikey Way
2%
Weighted Frank Iero
80.9%
Ray Toro
3.9%
Gerard Way
2%
Mikey Way
2%
Zero Zero Gerard Way
80.3%
Frank Iero
1.3%
Ray Toro
2.6%
Mikey Way
5.3%
I'm a Mess Frank Iero
77.6%
Ray Toro
3.9%
Gerard Way
2.6%
Mikey Way
2%
Dear Percocet, I Don't Think We Should See Each Other Anymore. Frank Iero
77.6%
Ray Toro
5.9%
Gerard Way
1.3%
Mikey Way
3.9%
Oceans Frank Iero
77%
Ray Toro
7.9%
Gerard Way
3.9%
Mikey Way
2.6%
The Bureau Gerard Way
74.3%
Frank Iero
5.3%
Ray Toro
7.2%
Mikey Way
3.9%
All I Want Is Nothing Frank Iero
73.7%
Ray Toro
6.6%
Gerard Way
4.6%
Mikey Way
4.6%
Tragician Frank Iero
73%
Ray Toro
7.2%
Gerard Way
6.6%
Mikey Way
3.9%
Hope for the World Ray Toro
68.4%
Frank Iero
3.9%
Gerard Way
5.9%
Mikey Way
11.2%
Pinkish Gerard Way
66.4%
Frank Iero
6.6%
Ray Toro
7.9%
Mikey Way
5.9%
Remember the Laughter Ray Toro
65.8%
Frank Iero
7.2%
Gerard Way
5.3%
Mikey Way
11.8%
Isn't That Something Ray Toro
63.2%
Frank Iero
7.9%
Gerard Way
5.9%
Mikey Way
11.8%
Remedy Frank Iero
59.2%
Ray Toro
16.4%
Gerard Way
5.9%
Mikey Way
7.9%
Neverenders Frank Iero
58.6%
Ray Toro
13.2%
Gerard Way
5.3%
Mikey Way
11.8%
The Great Beyond Ray Toro
54.6%
Frank Iero
8.6%
Gerard Way
8.6%
Mikey Way
19.1%
I Lied Mikey Way
53.9%
Frank Iero
20.4%
Ray Toro
7.9%
Gerard Way
5.9%
We Save Ray Toro
53.3%
Frank Iero
9.2%
Gerard Way
6.6%
Mikey Way
18.4%
How It's Going To Be Gerard Way
50.7%
Frank Iero
8.6%
Ray Toro
19.1%
Mikey Way
10.5%
The Lucky Ones Ray Toro
50%
Frank Iero
8.6%
Gerard Way
10.5%
Mikey Way
18.4%
Hey Lacey Mikey Way
43.4%
Frank Iero
11.2%
Ray Toro
27.6%
Gerard Way
4.6%
Live When We Die Mikey Way
42.1%
Frank Iero
19.7%
Ray Toro
19.7%
Gerard Way
6.6%
Look At You Now Ray Toro
41.4%
Frank Iero
11.2%
Gerard Way
4.6%
Mikey Way
27.6%
Let You Get Away Mikey Way
41.4%
Gerard Way
9.2%
Ray Toro
28.3%
Gerard Way
6.6%
Requiem Ray Toro
39.5%
Frank Iero
19.1%
Gerard Way
7.9%
Mikey Way
19.7%
You Got It All Wrong Mikey Way
38.8%
Frank Iero
15.8%
Ray Toro
23.7%
Gerard Way
7.9%
Until the Light Goes out on Me Mikey Way
36.8%
Frank Iero
11.8%
Ray Toro
28.3%
Gerard Way
8.6%
For You Mikey Way
34.2%
Frank Iero
13.2%
Ray Toro
31.6%
Gerard Way
5.3%
Someone Like You Mikey Way
28.9%
Frank Iero
10.5%
Ray Toro
39.5%
Gerard Way
9.9%

You're not logged in!

Compare scores with friends on all Sporcle quizzes.
OR
Log In

You Might Also Like...

Show Comments

Extras

Top Quizzes Today


Score Distribution

Your Account Isn't Verified!

In order to create a playlist on Sporcle, you need to verify the email address you used during registration. Go to your Sporcle Settings to finish the process.

Report this User

Report this user for behavior that violates our Community Guidelines.

Details: